000 02384nam a2200361 i 4500
001 000039147
003 DO-SdBNP
005 20260219140421.0
007 ta
008 130528e2013 dr ao gr 001 edspa d
020 _a9789945165357
040 _aDO-SdBNP
_bspa
_cBNPHU
_erda
041 _hspa
082 4 _axxx
_bH552C
_222
100 1 _aHamlet, Hermann,
_d1934-2016
_eautor
_936649
_4aut.
245 1 0 _aCaamaño :
_bbiografía de una época /
_cHamlet Hermann.
264 4 _aSanto Domingo, República Dominicana :
_bEditora Búho,
_c©2013
300 _a523 páginas :
_bilustraciones, fotografías ;
_c28 cm.
336 _ardacontent
_btexto
_2txt
337 _ardamedia
_bsin mediación
_2n
338 _ardacarrier
_bvolumen
_2nc
500 _aIncluye datos biográficos del autor en las solapas de las portadas
500 _aIncluye índice onomástico.
500 _aIncluye notas al pie de las páginas
504 _aBibliografía: p. 505 -513
505 0 _aPresentación.
_tOrigen de la familia Caamaño.--
_tEl oficial Caamaño Medina.--
_tFrancis inicia la carrera militar.--
_tParéntesis histórico.--
_tConsejo de Estado.--
_tPalmo Sola.--
_tGobierno Constitucional y cuartelazo.--
_tGuerra civil.--
_tGuerra Patriótica.--
_tNegociación y agresión.--
_tLa Academia militar "24 de abril".--
_tContinúan las negociaciones.--
_tCaamaño renuncia al presidencia de la República.--
_tGobierno provisional de Héctor García-Godoy
_tVictoria constitucionalista en el hotel Matum.--
_tCaamaño va a Londres como agregado militar.--
_tVisita de Caamaño a Oxford.--
_tCortejando al líder militar constitucionalista.--
_tJuan Montalvo conversa con Caamaño.--
_tBalaguer asume el gobierno.--
_tBosch se va a España.--
_tPérez y Pérez trata de paralizar a Caamaño en Londres.--
_tCaamaño tendría que desafiar la época.--
_tHaciendo maletas para ir al Caribe.--
505 0 _aListando su salida para Cuba.--
_rCaamaño en Cuba.--
_tNuevos vientos soplan en Cuba.--
_tEmpezar de nuevo.--
_tA partir del 28 de septiembre de 1972.--
_tAntesala de la Repatriación.--
_tDe vuelta a casa.--
_tLlegaron llenos de patriotismo.--
_tBibliografía.--
_tÍndice onomástico.
590 _aInventariado 2023 / MF
600 4 _910026
_aCaamaño Deñó, Francisco Alberto,
_d1932-1973
_vBiografía
651 4 _951909
_aRepública Dominicana
_xBiografías
_y1965
910 _aMFeliz
942 _2ddc
_cLBS1
999 _c38637
_d38637